000 00303nam a22001217a 4500
008 160427b xxu||||| |||| 00| 0 eng d
020 _a9781556644016
020 _a1556644019
041 _aeng
080 _a618.2
245 _aLeading and managing in nursing:
_cPatricia S. Yoder Wise;
942 _2udc
_cBK
999 _c1630
_d1630